<?xml version="1.0" encoding="UTF-8"?><record xmlns="http://www.loc.gov/MARC21/slim" xmlns:zs="http://docs.oasis-open.org/ns/search-ws/sruResponse">
  <leader>01501cam a2200373 a 4500</leader>
  <controlfield tag="001">17137552</controlfield>
  <controlfield tag="005">20250607045431.4</controlfield>
  <controlfield tag="008">120127s2012    cou      b    001 0 eng d</controlfield>
  <datafield ind1=" " ind2=" " tag="035">
    <subfield code="a">17137552</subfield>
  </datafield>
  <datafield ind1=" " ind2=" " tag="906">
    <subfield code="a">7</subfield>
    <subfield code="b">cbc</subfield>
    <subfield code="c">copycat</subfield>
    <subfield code="d">2</subfield>
    <subfield code="e">epcn</subfield>
    <subfield code="f">20</subfield>
    <subfield code="g">y-gencatlg</subfield>
  </datafield>
  <datafield ind1="0" ind2=" " tag="925">
    <subfield code="a">acquire</subfield>
    <subfield code="b">3 shelf copies</subfield>
    <subfield code="x">policy default</subfield>
  </datafield>
  <datafield ind1=" " ind2=" " tag="955">
    <subfield code="b">xg16 2012-04-16 z-processor</subfield>
    <subfield code="i">xg16 2012-04-16 to BCCD</subfield>
    <subfield code="t">xg21 2012-05-02 copy 2 added</subfield>
    <subfield code="t">xg21 2012-05-02 copy 3 added</subfield>
  </datafield>
  <datafield ind1=" " ind2=" " tag="955">
    <subfield code="a">pc24 2012-01-27</subfield>
  </datafield>
  <datafield ind1=" " ind2=" " tag="955">
    <subfield code="a">LCAP batch update 2025-06-02-04:00: LCAPM-644</subfield>
  </datafield>
  <datafield ind1=" " ind2=" " tag="010">
    <subfield code="a">  2012931877</subfield>
  </datafield>
  <datafield ind1=" " ind2=" " tag="020">
    <subfield code="a">9780813347356</subfield>
    <subfield code="q">pbk. v. 1-2 ; combined vol.</subfield>
  </datafield>
  <datafield ind1=" " ind2=" " tag="020">
    <subfield code="a">0813347351</subfield>
    <subfield code="q">pbk. v. 1-2 ; combined vol.</subfield>
  </datafield>
  <datafield ind1=" " ind2=" " tag="035">
    <subfield code="a">(OCoLC)780438480</subfield>
  </datafield>
  <datafield ind1=" " ind2=" " tag="040">
    <subfield code="a">YLS</subfield>
    <subfield code="c">YLS</subfield>
    <subfield code="d">YLS</subfield>
    <subfield code="d">YDXCP</subfield>
    <subfield code="d">DLC</subfield>
  </datafield>
  <datafield ind1=" " ind2=" " tag="042">
    <subfield code="a">lccopycat</subfield>
  </datafield>
  <datafield ind1=" " ind2=" " tag="043">
    <subfield code="a">n-us---</subfield>
  </datafield>
  <datafield ind1="0" ind2="0" tag="050">
    <subfield code="a">KF4550</subfield>
    <subfield code="b">.U76 2012</subfield>
  </datafield>
  <datafield ind1="1" ind2=" " tag="100">
    <subfield code="a">Urofsky, Melvin I.</subfield>
  </datafield>
  <datafield ind1="1" ind2="0" tag="245">
    <subfield code="a">Supreme decisions :</subfield>
    <subfield code="b">great constitutional cases and their impact /</subfield>
    <subfield code="c">Melvin I. Urofsky.</subfield>
  </datafield>
  <datafield ind1=" " ind2=" " tag="260">
    <subfield code="a">Boulder, CO :</subfield>
    <subfield code="b">Westview Press,</subfield>
    <subfield code="c">c2012.</subfield>
  </datafield>
  <datafield ind1=" " ind2=" " tag="300">
    <subfield code="a">xvi, 382, [48] p. ;</subfield>
    <subfield code="c">23 cm.</subfield>
  </datafield>
  <datafield ind1=" " ind2=" " tag="336">
    <subfield code="a">text</subfield>
    <subfield code="b">txt</subfield>
    <subfield code="2">rdacontent</subfield>
  </datafield>
  <datafield ind1=" " ind2=" " tag="337">
    <subfield code="a">unmediated</subfield>
    <subfield code="b">n</subfield>
    <subfield code="2">rdamedia</subfield>
  </datafield>
  <datafield ind1=" " ind2=" " tag="338">
    <subfield code="a">volume</subfield>
    <subfield code="b">nc</subfield>
    <subfield code="2">rdacarrier</subfield>
  </datafield>
  <datafield ind1=" " ind2=" " tag="504">
    <subfield code="a">Includes bibliographical references and index.</subfield>
  </datafield>
  <datafield ind1="0" ind2=" " tag="505">
    <subfield code="a">To 1896 -- Since 1896.</subfield>
  </datafield>
  <datafield ind1="1" ind2="0" tag="610">
    <subfield code="a">United States.</subfield>
    <subfield code="b">Supreme Court</subfield>
    <subfield code="x">Cases.</subfield>
  </datafield>
  <datafield ind1=" " ind2="0" tag="650">
    <subfield code="a">Constitutional law</subfield>
    <subfield code="z">United States</subfield>
    <subfield code="v">Cases</subfield>
  </datafield>
  <datafield ind1="0" ind2="8" tag="775">
    <subfield code="i">two vol. set :</subfield>
    <subfield code="a">Urofsky, Melvin I.</subfield>
    <subfield code="t">Supreme decisions.</subfield>
    <subfield code="d">Boulder, CO : Westview Press, c2012</subfield>
    <subfield code="z">9780813347356</subfield>
    <subfield code="w">(OCoLC)768793144</subfield>
  </datafield>
</record>
